000 00979nam0a22002531 4500
001 rc\824860
005 20250622004358.0
035 _a(NLR Aleph) 006007299
090 _a7291504
_c7291504
100 _a20041129d1983 |||y0rusy50 ca
101 0 _arus
102 _aRU
105 _aa |||||||||
200 1 _aМногофакторные статистические модели
_eКонспект лекций для слушателей фак. повышения квалификации
210 _aЛ.
_cЛИЭМ
_d1983
215 _a48 с.
_cил.
_d21
300 _aВ надзаг.: М-во высш. и сред. спец. образования РСФСР, Ленингр. инж.-экон. ин-т им. Пальмиро Тольятти
320 _aБиблиогр.: с. 47
700 1 _aВатник
_bП.А.
_gПавел Абрамович
801 0 _aRU
_bNLR
_gpsbo
801 1 _aRU
_bELAR
_2rusmarc
852 _aNLR
_j84-4/22122
942 _cBOOK
980 _aNB